[Event "Tradewise Gibraltar Masters 16th"]
[Site "Gibraltar"]
[Date "2018.01.28"]
[Round "6.61"]
[White "Garcia Martin, Marta"]
[Black "Stefanova, Antoaneta"]
[Result "1/2-1/2"]
[WhiteElo "2323"]
[BlackElo "2489"]
[PlyCount "93"]
[EventDate "2018.01.23"]
[EventType "swiss"]
[EventRounds "10"]
[EventCountry "GGB"]
[SourceTitle "BritBase"]
[Source "www.saund.co.uk"]
[SourceDate "2018.02.10"]
[SourceVersion "1"]
[SourceVersionDate "2018.02.10"]
[SourceQuality "1"]

1. e4 e5 2. Nf3 Nc6 3. Bc4 Bc5 4. c3 Nf6 5. d4 exd4 6. cxd4 Bb4+ 7. Bd2 Nxe4 8.
Bxb4 Nxb4 9. Bxf7+ Kxf7 10. Qb3+ Kf8 11. Qxb4+ Qe7 12. Qxe7+ Kxe7 13. O-O Kd8
14. Re1 Nf6 15. Nc3 d6 16. Ne4 Bg4 17. Nfg5 Kd7 18. Nxf6+ gxf6 19. Ne4 Rhf8 20.
f3 Bf5 21. Re3 Rae8 22. Rae1 Bg6 23. Kf2 a5 24. R1e2 c6 25. h4 b6 26. a3 c5 27.
Rd2 Bxe4 28. fxe4 c4 29. a4 d5 30. Kf3 Kd6 31. Kf4 Rxe4+ 32. Rxe4 dxe4 33. Kxe4
f5+ 34. Kf4 Kd5 35. Kg5 f4 36. Kh6 f3 37. Rf2 fxg2 38. Rxg2 Kxd4 39. Kxh7 Rf5
40. Kg6 Rf8 41. Kg7 Rf5 42. Rg5 Rf4 43. h5 c3 44. bxc3+ Kxc3 45. h6 Rxa4 46. h7
Rh4 47. Rb5 1/2-1/2

[Event "Tradewise Gibraltar Masters 16th"]
[Site "Gibraltar"]
[Date "2018.01.28"]
[Round "6.62"]
[White "Khotenashvili, Bela"]
[Black "Sadhwani, Raunak"]
[Result "1/2-1/2"]
[WhiteElo "2486"]
[BlackElo "2321"]
[PlyCount "88"]
[EventDate "2018.01.23"]
[EventType "swiss"]
[EventRounds "10"]
[EventCountry "GGB"]
[SourceTitle "BritBase"]
[Source "www.saund.co.uk"]
[SourceDate "2018.02.10"]
[SourceVersion "1"]
[SourceVersionDate "2018.02.10"]
[SourceQuality "1"]

1. Nf3 Nf6 2. g3 d5 3. Bg2 e6 4. O-O Be7 5. d3 O-O 6. Nbd2 b6 7. e4 dxe4 8.
dxe4 Bb7 9. Qe2 Nc6 10. e5 Nd7 11. Rd1 Qc8 12. b3 Ncxe5 13. Nxe5 Nxe5 14. Ne4
f5 15. Bb2 Nf7 16. Nd2 Bxg2 17. Kxg2 c5 18. Nc4 Qc6+ 19. f3 Bf6 20. Bxf6 gxf6
21. a4 Rfe8 22. Rd2 Rad8 23. Rad1 Rxd2 24. Rxd2 Rd8 25. Rxd8+ Nxd8 26. Qd2 Nf7
27. h4 Kf8 28. Kf2 Qc7 29. Qe2 Qd7 30. Kg2 Kg7 31. Kh2 Nd8 32. g4 fxg4 33. fxg4
Nf7 34. Kh3 Qd5 35. Kg3 Nd8 36. c3 Nf7 37. Kh2 a6 38. Kh3 b5 39. axb5 axb5 40.
Nd2 Ne5 41. Kg3 Ng6 42. Nf3 Qd6+ 43. Kf2 Qf4 44. Qxe6 Nxh4 1/2-1/2

[Event "Tradewise Gibraltar Masters 16th"]
[Site "Gibraltar"]
[Date "2018.01.28"]
[Round "6.63"]
[White "Perez Garcia, Rodney Oscar"]
[Black "Suarez Gomez, Julio"]
[Result "1/2-1/2"]
[WhiteElo "2320"]
[BlackElo "2486"]
[PlyCount "90"]
[EventDate "2018.01.23"]
[EventType "swiss"]
[EventRounds "10"]
[EventCountry "GGB"]
[SourceTitle "BritBase"]
[Source "www.saund.co.uk"]
[SourceDate "2018.02.10"]
[SourceVersion "1"]
[SourceVersionDate "2018.02.10"]
[SourceQuality "1"]

1. e4 c5 2. Nf3 e6 3. c3 Nf6 4. e5 Nd5 5. c4 Ne7 6. b3 Nbc6 7. Bb2 d6 8. exd6
Nf5 9. Bd3 Nfd4 10. Be4 Qxd6 11. O-O Be7 12. Bxc6+ bxc6 13. Nc3 e5 14. Ne4 Qc7
15. h3 O-O 16. d3 f6 17. Ba3 Ne6 18. Qd2 Rd8 19. Qe3 Nd4 20. Rfc1 Qa5 21. Bb2
Nf5 22. Qe1 Qb6 23. Rd1 Be6 24. Ba3 Bf8 25. Nc3 a5 26. Na4 Qa7 27. Nd2 Nd4 28.
Rac1 Re8 29. Kh1 f5 30. Qxe5 Bd7 31. Qh2 Re6 32. Nc3 Bd6 33. Qg1 Rh6 34. Qf1 f4
35. f3 Nf5 36. Nde4 Ne3 37. Qf2 Be7 38. Re1 Bxh3 39. Rxe3 fxe3 40. Qxe3 Bf5+
41. Kg1 Rd8 42. Bxc5 Qc7 43. Bxe7 Qxe7 44. Rd1 Qh4 45. Kf1 Rg6 1/2-1/2

[Event "Tradewise Gibraltar Masters 16th"]
[Site "Gibraltar"]
[Date "2018.01.28"]
[Round "6.64"]
[White "Heinemann, Josefine"]
[Black "Salomon, Johan"]
[Result "1/2-1/2"]
[WhiteElo "2270"]
[BlackElo "2476"]
[PlyCount "82"]
[EventDate "2018.01.23"]
[EventType "swiss"]
[EventRounds "10"]
[EventCountry "GGB"]
[SourceTitle "BritBase"]
[Source "www.saund.co.uk"]
[SourceDate "2018.02.10"]
[SourceVersion "1"]
[SourceVersionDate "2018.02.10"]
[SourceQuality "1"]

1. e4 e5 2. Nf3 Nc6 3. Bb5 a6 4. Ba4 Nf6 5. O-O Be7 6. Re1 b5 7. Bb3 d6 8. c3
O-O 9. h3 Na5 10. Bc2 c5 11. d4 Nd7 12. Nbd2 exd4 13. cxd4 Nc6 14. d5 Nce5 15.
Nxe5 Nxe5 16. a4 Bb7 17. f4 Ng6 18. Nf3 Re8 19. b3 Bf6 20. Rb1 Nh4 21. Nxh4
Bd4+ 22. Be3 Bxe3+ 23. Rxe3 Qxh4 24. Qf3 Rab8 25. axb5 axb5 26. Rbe1 g6 27. Kh2
Rbc8 28. e5 dxe5 29. fxe5 Rcd8 30. Be4 Qg5 31. Kg1 f5 32. exf6 Rf8 33. Qe2 Qxf6
34. Qxb5 Bxd5 35. Bxd5+ Rxd5 36. Qc4 Qd4 37. Qxd4 cxd4 38. Rd3 Rc8 39. Re4 Rb8
40. Rexd4 Rxd4 41. Rxd4 Rxb3 1/2-1/2

[Event "Tradewise Gibraltar Masters 16th"]
[Site "Gibraltar"]
[Date "2018.01.28"]
[Round "6.65"]
[White "Plotkin, Victor"]
[Black "Larino Nieto, David"]
[Result "1/2-1/2"]
[WhiteElo "2242"]
[BlackElo "2464"]
[PlyCount "100"]
[EventDate "2018.01.23"]
[EventType "swiss"]
[EventRounds "10"]
[EventCountry "GGB"]
[SourceTitle "BritBase"]
[Source "www.saund.co.uk"]
[SourceDate "2018.02.10"]
[SourceVersion "1"]
[SourceVersionDate "2018.02.10"]
[SourceQuality "1"]

1. e4 h6 2. d4 a6 3. c4 d6 4. Nc3 Nd7 5. f4 c5 6. Nf3 cxd4 7. Qxd4 e5 8. Qd3
Nc5 9. Qc2 Bg4 10. Be3 exf4 11. Bxf4 g5 12. Bg3 Ne7 13. O-O-O Nc6 14. e5 Nb4
15. Qf2 Qa5 16. exd6 Bg7 17. Ne5 Bxe5 18. Bxe5 Bxd1 19. d7+ Nxd7 20. Bxh8 O-O-O
21. Bd4 Nxa2+ 22. Kxd1 Nxc3+ 23. bxc3 Qa1+ 24. Ke2 f5 25. g4 Re8+ 26. Kf3 Qb1
27. Kg2 fxg4 28. h4 a5 29. hxg5 hxg5 30. c5 Rf8 31. Qe3 Qa2+ 32. Be2 Qd5+ 33.
Kg1 a4 34. c4 Qf7 35. Rh8 Rxh8 36. Bxh8 g3 37. Bg4 a3 38. Qd4 a2 39. Bxd7+ Qxd7
40. Qxd7+ Kxd7 41. Kg2 Ke6 42. Kxg3 Kf5 43. Kf3 g4+ 44. Kg3 Ke4 45. Kxg4 Kd3
46. Kf3 Kxc4 47. Ke2 Kxc5 48. Kd2 Kb4 49. Kc2 Ka3 50. Bb2+ Kb4 1/2-1/2

[Event "Tradewise Gibraltar Masters 16th"]
[Site "Gibraltar"]
[Date "2018.01.28"]
[Round "6.66"]
[White "Gavrilescu, David"]
[Black "Lopez Mulet, Inigo"]
[Result "1-0"]
[WhiteElo "2437"]
[BlackElo "2318"]
[PlyCount "125"]
[EventDate "2018.01.23"]
[EventType "swiss"]
[EventRounds "10"]
[EventCountry "GGB"]
[SourceTitle "BritBase"]
[Source "www.saund.co.uk"]
[SourceDate "2018.02.10"]
[SourceVersion "1"]
[SourceVersionDate "2018.02.10"]
[SourceQuality "1"]

1. e4 e6 2. d4 d5 3. Nd2 Be7 4. Ngf3 Nf6 5. Bd3 c5 6. exd5 exd5 7. dxc5 O-O 8.
Nb3 a5 9. a4 Nbd7 10. Be3 Qc7 11. h3 Nxc5 12. Nxc5 Bxc5 13. Bxc5 Qxc5 14. O-O
Re8 15. c3 Bd7 16. Nd4 Re5 17. Re1 Rae8 18. Rxe5 Rxe5 19. Bc2 Qb6 20. Qd2 h6
21. Rd1 Kf8 22. Qf4 Re8 23. b3 Qc5 24. Qg3 Rc8 25. Bf5 Qc7 26. Qxc7 Rxc7 27.
Bxd7 Rxd7 28. f3 g6 29. Kf2 h5 30. g4 Rd8 31. Nb5 hxg4 32. hxg4 Ke7 33. g5 Nh5
34. Re1+ Kd7 35. Re5 Kc6 36. Re7 Rd7 37. Re8 Ng7 38. Nd4+ Kd6 39. Nb5+ Kc5 40.
Ra8 Ne6 41. Rxa5 Kb6 42. Ra8 Nxg5 43. Nd4 Kc7 44. Re8 Nh7 45. Nb5+ Kc6 46. Rc8+
Kb6 47. b4 Ng5 48. Nd4 Ka7 49. a5 b6 50. Rc6 bxa5 51. bxa5 Rd8 52. Rb6 Rc8 53.
Nc6+ Ka8 54. a6 Ne6 55. a7 Rxc6 56. Rxc6 Kxa7 57. Rd6 Kb7 58. Rxd5 Kc6 59. Ra5
Kd6 60. Ke3 f5 61. c4 Nc5 62. Kf4 Ne6+ 63. Kg3 1-0

[Event "Tradewise Gibraltar Masters 16th"]
[Site "Gibraltar"]
[Date "2018.01.28"]
[Round "6.67"]
[White "Raja, Harshit"]
[Black "Antova, Gabriela"]
[Result "1-0"]
[WhiteElo "2427"]
[BlackElo "2260"]
[PlyCount "39"]
[EventDate "2018.01.23"]
[EventType "swiss"]
[EventRounds "10"]
[EventCountry "GGB"]
[SourceTitle "BritBase"]
[Source "www.saund.co.uk"]
[SourceDate "2018.02.10"]
[SourceVersion "1"]
[SourceVersionDate "2018.02.10"]
[SourceQuality "1"]

1. e4 c5 2. Nf3 d6 3. d4 cxd4 4. Nxd4 Nf6 5. Nc3 a6 6. Be3 e6 7. g4 b5 8. Bg2
Bb7 9. a3 Nfd7 10. h4 Nb6 11. g5 d5 12. h5 e5 13. h6 gxh6 14. exd5 Nxd5 15. Nc6
Nxc6 16. Bxd5 hxg5 17. Qf3 Qc7 18. Qf6 b4 19. Bb6 Qd7 20. O-O-O 1-0

[Event "Tradewise Gibraltar Masters 16th"]
[Site "Gibraltar"]
[Date "2018.01.28"]
[Round "6.68"]
[White "Longa Yauca, Javier"]
[Black "Vega Gutierrez, Sabrina"]
[Result "0-1"]
[WhiteElo "2198"]
[BlackElo "2427"]
[PlyCount "70"]
[EventDate "2018.01.23"]
[EventType "swiss"]
[EventRounds "10"]
[EventCountry "GGB"]
[SourceTitle "BritBase"]
[Source "www.saund.co.uk"]
[SourceDate "2018.02.10"]
[SourceVersion "1"]
[SourceVersionDate "2018.02.10"]
[SourceQuality "1"]

1. d4 d5 2. Nf3 c6 3. e3 e6 4. Bd3 Bd6 5. O-O f5 6. c4 Nf6 7. Ne5 O-O 8. Nc3 b6
9. b3 Ne4 10. Bb2 Bb7 11. Qc2 Nd7 12. Ne2 Rc8 13. Rad1 c5 14. f3 cxd4 15. exd4
Nxe5 16. dxe5 Bc5+ 17. Kh1 Qh4 18. fxe4 fxe4 19. Bxe4 dxe4 20. Nd4 e3 21. Nf3
Bxf3 22. Rxf3 Rxf3 23. gxf3 Rd8 24. Rxd8+ Qxd8 25. Bc3 a5 26. Qe2 Qg5 27. Qg2
Qf5 28. Qg4 Qb1+ 29. Kg2 Kf7 30. Qf4+ Ke8 31. Qg4 Kd7 32. Qxg7+ Be7 33. Kh3
Qf1+ 34. Qg2 e2 35. c5 Bxc5 0-1

[Event "Tradewise Gibraltar Masters 16th"]
[Site "Gibraltar"]
[Date "2018.01.28"]
[Round "6.69"]
[White "Kozak, Adam"]
[Black "Gavilan Diaz, Mario"]
[Result "1-0"]
[WhiteElo "2418"]
[BlackElo "2251"]
[PlyCount "91"]
[EventDate "2018.01.23"]
[EventType "swiss"]
[EventRounds "10"]
[EventCountry "GGB"]
[SourceTitle "BritBase"]
[Source "www.saund.co.uk"]
[SourceDate "2018.02.10"]
[SourceVersion "1"]
[SourceVersionDate "2018.02.10"]
[SourceQuality "1"]

1. d4 Nf6 2. c4 c5 3. d5 e6 4. Nc3 exd5 5. cxd5 d6 6. e4 g6 7. Bd3 Bg7 8. h3
O-O 9. Nf3 b5 10. Bxb5 Nxe4 11. Nxe4 Qa5+ 12. Nfd2 Qxb5 13. Nxd6 Qa6 14. N2c4
Nd7 15. O-O Ne5 16. Nxc8 Raxc8 17. Nxe5 Bxe5 18. Re1 Qd6 19. Bg5 f6 20. Bh4
Rfd8 21. Bg3 Qxd5 22. Bxe5 Qxd1 23. Raxd1 fxe5 24. Kf1 Rd4 25. Rc1 Rd5 26. Re4
Rb8 27. b3 Kg7 28. Ke2 Kf6 29. Ra4 Rb4 30. Rxa7 Re4+ 31. Kf3 Rf4+ 32. Ke3 h5
33. Rc7 Rdd4 34. f3 Rd8 35. R7xc5 Rfd4 36. R1c2 Rd3+ 37. Ke2 Rd1 38. Rb2 Kf5
39. Rcc2 Kf4 40. Rd2 R1xd2+ 41. Rxd2 Rxd2+ 42. Kxd2 Kg3 43. b4 Kxg2 44. b5 e4
45. fxe4 g5 46. b6 1-0

[Event "Tradewise Gibraltar Masters 16th"]
[Site "Gibraltar"]
[Date "2018.01.28"]
[Round "6.70"]
[White "Bendayan Claros, Aaron"]
[Black "Pigott, John C"]
[Result "0-1"]
[WhiteElo "2191"]
[BlackElo "2418"]
[PlyCount "180"]
[EventDate "2018.01.23"]
[EventType "swiss"]
[EventRounds "10"]
[EventCountry "GGB"]
[SourceTitle "BritBase"]
[Source "www.saund.co.uk"]
[SourceDate "2018.02.10"]
[SourceVersion "1"]
[SourceVersionDate "2018.02.10"]
[SourceQuality "1"]

1. d4 Nf6 2. c4 e6 3. Nc3 Bb4 4. e3 O-O 5. Nge2 Re8 6. a3 Bf8 7. d5 a5 8. Ng3
Na6 9. Be2 Nc5 10. O-O a4 11. Bf3 Bd6 12. e4 Be5 13. Be3 d6 14. Qc2 exd5 15.
exd5 Bg4 16. Bxc5 dxc5 17. Qd3 Qd6 18. Rae1 Bd7 19. Re2 g6 20. Rfe1 Bd4 21.
Rxe8+ Rxe8 22. Rxe8+ Nxe8 23. Nge2 Be5 24. g3 Kg7 25. Kg2 Qf6 26. Be4 Qb6 27.
f4 Bf6 28. Qc2 Nd6 29. Bd3 Nf5 30. Nd1 Qa5 31. Nec3 Nd4 32. Qd2 Nb3 33. Qe3 Qb6
34. Bc2 Qa5 35. h3 h5 36. f5 Nd4 37. Be4 Nxf5 38. Qf4 Qb6 39. Bc2 Qa5 40. g4
hxg4 41. hxg4 Nh4+ 42. Kg3 g5 43. Qe3 Qa6 44. Bd3 Qd6+ 45. Kh3 b6 46. Bc2 Ng6
47. Ne2 Ne5 48. Nf2 Qf8 49. Ng3 Qh8+ 50. Kg2 Nxg4 51. Qf3 Qh2+ 52. Kf1 Qxf2+
53. Qxf2 Nxf2 54. Nh5+ Kh6 55. Nxf6 Ng4 56. Nxd7 Ne3+ 57. Kf2 Nxc2 58. Nf6 Nd4
59. Ne8 c6 60. d6 Kg6 61. d7 Ne6 62. Nc7 Nd8 63. Na8 b5 64. Nc7 bxc4 65. Na6
Kf6 66. Nxc5 Ke7 67. Nxa4 Kxd7 68. Nb6+ Kd6 69. Nxc4+ Kc5 70. Ne3 Ne6 71. Kf3
Kd4 72. Ng4 f5 73. Nh6 Ke5 74. Nf7+ Kd5 75. Nh6 Nd4+ 76. Ke3 f4+ 77. Kd3 Nf3
78. a4 Ne5+ 79. Ke2 Kc5 80. Nf5 Kb4 81. b3 c5 82. Nd6 g4 83. Ne4 Nc6 84. Nf6
f3+ 85. Ke3 Ne5 86. Ne4 Nd7 87. Kf2 Kxb3 88. a5 c4 89. Nf6 Nxf6 90. a6 Nd5 0-1

[Event "Tradewise Gibraltar Masters 16th"]
[Site "Gibraltar"]
[Date "2018.01.28"]
[Round "6.71"]
[White "Gonzalez Gonzalez, Alfonso"]
[Black "Keymer, Vincent"]
[Result "0-1"]
[WhiteElo "2192"]
[BlackElo "2408"]
[PlyCount "76"]
[EventDate "2018.01.23"]
[EventType "swiss"]
[EventRounds "10"]
[EventCountry "GGB"]
[SourceTitle "BritBase"]
[Source "www.saund.co.uk"]
[SourceDate "2018.02.10"]
[SourceVersion "1"]
[SourceVersionDate "2018.02.10"]
[SourceQuality "1"]

1. d4 d5 2. g3 Nf6 3. Bg2 b5 4. b3 Bf5 5. c4 c6 6. Nc3 e6 7. e3 Nbd7 8. Nge2 b4
9. Na4 dxc4 10. bxc4 c5 11. O-O Be4 12. Bxe4 Nxe4 13. Qd3 Nef6 14. Bb2 cxd4 15.
exd4 Be7 16. a3 O-O 17. axb4 Bxb4 18. Nac3 Ne5 19. Qd1 Nxc4 20. Qb3 Bxc3 21.
Bxc3 Qd5 22. Nf4 Qc6 23. Rfc1 Nd5 24. Nd3 Rfc8 25. Nc5 Ne5 26. Bd2 Ng6 27. h4
Nge7 28. g4 h5 29. gxh5 Nf5 30. Qh3 Nf6 31. h6 gxh6 32. Ra3 Qd5 33. Rf3 Qxd4
34. Rxf5 exf5 35. Rc3 Rxc5 36. Qg2+ Kh7 37. Bxh6 Rg8 38. Rg3 Kxh6 0-1

[Event "Tradewise Gibraltar Masters 16th"]
[Site "Gibraltar"]
[Date "2018.01.28"]
[Round "6.72"]
[White "Melia, Salome"]
[Black "Nandhidhaa, PV."]
[Result "1-0"]
[WhiteElo "2404"]
[BlackElo "2238"]
[PlyCount "61"]
[EventDate "2018.01.23"]
[EventType "swiss"]
[EventRounds "10"]
[EventCountry "GGB"]
[SourceTitle "BritBase"]
[Source "www.saund.co.uk"]
[SourceDate "2018.02.10"]
[SourceVersion "1"]
[SourceVersionDate "2018.02.10"]
[SourceQuality "1"]

1. e4 c5 2. Nf3 e6 3. d4 cxd4 4. Nxd4 Nc6 5. Nc3 Qc7 6. Be3 a6 7. Qd2 Nf6 8. f4
Bb4 9. Bd3 Na5 10. e5 Nd5 11. O-O Bxc3 12. bxc3 Nc4 13. Bxc4 Qxc4 14. a4 Qxc3
15. Qxc3 Nxc3 16. Rfe1 Nd5 17. c4 Ne7 18. Rab1 Nc6 19. Nxc6 dxc6 20. a5 O-O 21.
Red1 f6 22. Bc5 Re8 23. Bb6 Kf7 24. Rb3 c5 25. Rbd3 Re7 26. Rd8 Kg6 27. Rf8 Kf5
28. g3 Ke4 29. Kf2 fxe5 30. fxe5 Kxe5 31. Bxc5 1-0

[Event "Tradewise Gibraltar Masters 16th"]
[Site "Gibraltar"]
[Date "2018.01.28"]
[Round "6.73"]
[White "Movileanu, Daniela"]
[Black "Shachar, Ehud"]
[Result "1-0"]
[WhiteElo "2163"]
[BlackElo "2401"]
[PlyCount "81"]
[EventDate "2018.01.23"]
[EventType "swiss"]
[EventRounds "10"]
[EventCountry "GGB"]
[SourceTitle "BritBase"]
[Source "www.saund.co.uk"]
[SourceDate "2018.02.10"]
[SourceVersion "1"]
[SourceVersionDate "2018.02.10"]
[SourceQuality "1"]

1. e4 e6 2. d4 d5 3. Nd2 Nc6 4. Ngf3 Nf6 5. e5 Nd7 6. Be2 f6 7. exf6 Qxf6 8.
Nf1 Bd6 9. Ne3 O-O 10. O-O Nb6 11. c3 Kh8 12. Ng4 Qg6 13. Nh4 Qf7 14. f4 Bd7
15. g3 Ne7 16. Nf3 g6 17. Bd3 Qg7 18. Nge5 Rae8 19. Re1 Nf5 20. a4 a5 21. b3
Kg8 22. Ra2 Nc8 23. Rae2 Nb6 24. Qc2 Bc8 25. g4 Ne7 26. Ng5 Rf6 27. Rg2 Nd7 28.
Rg3 Nf8 29. Rh3 c5 30. Ngf3 Nd7 31. Kh1 Nc6 32. Nxc6 bxc6 33. f5 e5 34. Bh6 Qf7
35. fxg6 hxg6 36. Ng5 Qe7 37. Bxg6 Nf8 38. Bxe8 Rxh6 39. Rxh6 Qxg5 40. Rxd6
Bxg4 41. Rg6+ 1-0

[Event "Tradewise Gibraltar Masters 16th"]
[Site "Gibraltar"]
[Date "2018.01.28"]
[Round "6.74"]
[White "Weisbuch, Udi"]
[Black "Bakalchuk, Johnatan"]
[Result "0-1"]
[WhiteElo "2177"]
[BlackElo "2400"]
[PlyCount "70"]
[EventDate "2018.01.23"]
[EventType "swiss"]
[EventRounds "10"]
[EventCountry "GGB"]
[SourceTitle "BritBase"]
[Source "www.saund.co.uk"]
[SourceDate "2018.02.10"]
[SourceVersion "1"]
[SourceVersionDate "2018.02.10"]
[SourceQuality "1"]

1. e4 c5 2. Nf3 g6 3. c4 Bg7 4. d4 cxd4 5. Nxd4 Nc6 6. Be3 Nf6 7. Nc3 O-O 8.
Be2 d6 9. O-O Bd7 10. Qd2 Nxd4 11. Bxd4 Bc6 12. f3 a5 13. b3 Nd7 14. Be3 Nc5
15. Rab1 e6 16. Rfd1 Be5 17. Bf1 Qh4 18. f4 Bxc3 19. Qxc3 Nxe4 20. Qb2 f5 21.
a3 g5 22. fxg5 f4 23. Bb6 f3 24. Rd3 Ra6 25. Qd4 Qxg5 26. Bc7 e5 27. Qe3 Qg7
28. Bb6 Ng5 29. h4 Nh3+ 30. Kh2 Nf4 31. Rxd6 fxg2 32. Bd3 Nxd3 33. Rxd3 Rf1 34.
Rd8+ Kf7 35. Rdd1 Rh1+ 0-1

[Event "Tradewise Gibraltar Masters 16th"]
[Site "Gibraltar"]
[Date "2018.01.28"]
[Round "6.75"]
[White "Coleman, David J"]
[Black "Batchimeg, Tuvshintugs"]
[Result "0-1"]
[WhiteElo "2055"]
[BlackElo "2398"]
[PlyCount "62"]
[EventDate "2018.01.23"]
[EventType "swiss"]
[EventRounds "10"]
[EventCountry "GGB"]
[SourceTitle "BritBase"]
[Source "www.saund.co.uk"]
[SourceDate "2018.02.10"]
[SourceVersion "1"]
[SourceVersionDate "2018.02.10"]
[SourceQuality "1"]

1. e4 e5 2. Nf3 Nc6 3. d4 exd4 4. Bc4 Nf6 5. e5 d5 6. Bb5 Nd7 7. O-O Be7 8. Re1
O-O 9. Bxc6 bxc6 10. Nxd4 Nb8 11. Qf3 Be6 12. Nc3 Qd7 13. Qg3 Kh8 14. Bg5 c5
15. Nf3 Bxg5 16. Qxg5 h6 17. Qh4 Qd8 18. Qf4 Nd7 19. g4 Rb8 20. a3 Rxb2 21.
Rac1 c6 22. h4 Qa5 23. Nd1 Ra2 24. Ne3 Qc3 25. h5 f6 26. Nd1 Qxa3 27. Nh4 fxe5
28. Qh2 Qxc1 29. Ng6+ Kg8 30. Nxf8 Nxf8 31. Qxe5 Qg5 0-1

[Event "Tradewise Gibraltar Masters 16th"]
[Site "Gibraltar"]
[Date "2018.01.28"]
[Round "6.76"]
[White "Devereaux, Maxim L"]
[Black "Sajjadi, Kimiya"]
[Result "1-0"]
[WhiteElo "2370"]
[BlackElo "1911"]
[PlyCount "41"]
[EventDate "2018.01.23"]
[EventType "swiss"]
[EventRounds "10"]
[EventCountry "GGB"]
[SourceTitle "BritBase"]
[Source "www.saund.co.uk"]
[SourceDate "2018.02.10"]
[SourceVersion "1"]
[SourceVersionDate "2018.02.10"]
[SourceQuality "1"]

1. e4 e6 2. d4 d5 3. Nc3 Nf6 4. Bg5 dxe4 5. Nxe4 Be7 6. Bxf6 gxf6 7. Qd3 f5 8.
Nc3 a6 9. O-O-O b5 10. Qf3 Ra7 11. d5 e5 12. Nh3 Qd6 13. Qe3 Rb7 14. f4 e4 15.
Nf2 Qc5 16. Rd4 b4 17. Ncxe4 fxe4 18. Nxe4 Qb6 19. d6 cxd6 20. Nxd6+ Kf8 21.
Nxc8 1-0

[Event "Tradewise Gibraltar Masters 16th"]
[Site "Gibraltar"]
[Date "2018.01.28"]
[Round "6.77"]
[White "Bjerre, Jonas Buhl"]
[Black "Richards, Heather S"]
[Result "1-0"]
[WhiteElo "2367"]
[BlackElo "2223"]
[PlyCount "101"]
[EventDate "2018.01.23"]
[EventType "swiss"]
[EventRounds "10"]
[EventCountry "GGB"]
[SourceTitle "BritBase"]
[Source "www.saund.co.uk"]
[SourceDate "2018.02.10"]
[SourceVersion "1"]
[SourceVersionDate "2018.02.10"]
[SourceQuality "1"]

1. e4 d6 2. d4 Nf6 3. Nc3 c6 4. f4 Qa5 5. e5 Ne4 6. Qf3 Nxc3 7. Bd2 Bf5 8. Bd3
Bxd3 9. cxd3 Qd5 10. bxc3 e6 11. Qg3 c5 12. Nf3 dxe5 13. fxe5 cxd4 14. c4 Qd7
15. O-O h6 16. Rf2 Nc6 17. Raf1 O-O-O 18. Ne1 g5 19. Rxf7 Be7 20. Nc2 Rdf8 21.
Rxf8+ Rxf8 22. Rxf8+ Bxf8 23. h4 Bg7 24. hxg5 Bxe5 25. Qh4 hxg5 26. Bxg5 Qf7
27. Ne1 Bg7 28. Nf3 Qf5 29. Qh5 Kc7 30. Nh4 Qe5 31. Qf7+ Kb6 32. Nf3 Qf5 33.
Qxg7 Qxd3 34. Ne5 Qd1+ 35. Kh2 Qh5+ 36. Kg3 Qe2 37. Bf4 Qe1+ 38. Kg4 Qe2+ 39.
Kh3 Nxe5 40. Bxe5 d3 41. Qc7+ Ka6 42. Qc5 Qh5+ 43. Kg3 Qg5+ 44. Kf3 Qh5+ 45. g4
Qh1+ 46. Kf2 Qh4+ 47. Bg3 Qf6+ 48. Ke3 b6 49. Qc8+ Ka5 50. Be1+ Ka4 51. Qa6#
1-0

[Event "Tradewise Gibraltar Masters 16th"]
[Site "Gibraltar"]
[Date "2018.01.28"]
[Round "6.78"]
[White "Blohberger, Felix"]
[Black "Tejaswini, Sagar"]
[Result "1-0"]
[WhiteElo "2367"]
[BlackElo "2081"]
[PlyCount "91"]
[EventDate "2018.01.23"]
[EventType "swiss"]
[EventRounds "10"]
[EventCountry "GGB"]
[SourceTitle "BritBase"]
[Source "www.saund.co.uk"]
[SourceDate "2018.02.10"]
[SourceVersion "1"]
[SourceVersionDate "2018.02.10"]
[SourceQuality "1"]

1. Nf3 Nf6 2. g3 g6 3. b3 Bg7 4. Bb2 O-O 5. Bg2 d5 6. c4 Nc6 7. cxd5 Qxd5 8.
Nc3 Qh5 9. h3 Be6 10. a3 Nd5 11. Rc1 Nxc3 12. Bxc3 Qb5 13. Bxg7 Kxg7 14. Rc3
Rfd8 15. O-O a5 16. d3 h6 17. Qc2 Bd5 18. e3 e5 19. Rb1 Qb6 20. Rc5 f6 21. d4
e4 22. Nh4 f5 23. g4 Ne7 24. gxf5 gxf5 25. Rxc7 Kf6 26. Rxe7 Kxe7 27. Nxf5+ Kf6
28. Ng3 Re8 29. Bxe4 Bxe4 30. Nxe4+ Kf7 31. Ng3 Qg6 32. Qc4+ Kf6 33. Re1 h5 34.
d5 Rad8 35. Kh2 Rg8 36. Qh4+ Kf7 37. Rd1 Qg5 38. Qe4 h4 39. Nf5 Rge8 40. Qf3
Qf6 41. Nh6+ Ke7 42. d6+ Rxd6 43. Nf5+ Qxf5 44. Qxf5 Rxd1 45. Qg5+ Kd6 46. Qh5
1-0

[Event "Tradewise Gibraltar Masters 16th"]
[Site "Gibraltar"]
[Date "2018.01.28"]
[Round "6.79"]
[White "Serarols Mabras, Bernat"]
[Black "Bellahcene, Bilel"]
[Result "1/2-1/2"]
[WhiteElo "2235"]
[BlackElo "2494"]
[PlyCount "59"]
[EventDate "2018.01.23"]
[EventType "swiss"]
[EventRounds "10"]
[EventCountry "GGB"]
[SourceTitle "BritBase"]
[Source "www.saund.co.uk"]
[SourceDate "2018.02.10"]
[SourceVersion "1"]
[SourceVersionDate "2018.02.10"]
[SourceQuality "1"]

1. d4 e6 2. c4 b6 3. e4 Bb7 4. Bd3 Bb4+ 5. Bd2 Bxd2+ 6. Nxd2 Ne7 7. Ngf3 d6 8.
O-O Nd7 9. Re1 e5 10. d5 a5 11. b3 O-O 12. a3 c5 13. Rb1 Qc7 14. Bc2 g6 15. g3
Kg7 16. Nh4 Qd8 17. Nf1 Bc8 18. Ne3 Nf6 19. f4 Neg8 20. f5 h5 21. Rf1 Bd7 22.
a4 Nh6 23. h3 Nh7 24. Kh2 Ra7 25. Qe2 Be8 26. Rf2 Nf6 27. Rbf1 g5 28. Nhg2 Rg8
29. Kg1 Kh7 30. Rb1 1/2-1/2

[Event "Tradewise Gibraltar Masters 16th"]
[Site "Gibraltar"]
[Date "2018.01.28"]
[Round "6.80"]
[White "Estrada Nieto, Julian"]
[Black "Grinberg, Eyal"]
[Result "0-1"]
[WhiteElo "2222"]
[BlackElo "2448"]
[PlyCount "80"]
[EventDate "2018.01.23"]
[EventType "swiss"]
[EventRounds "10"]
[EventCountry "GGB"]
[SourceTitle "BritBase"]
[Source "www.saund.co.uk"]
[SourceDate "2018.02.10"]
[SourceVersion "1"]
[SourceVersionDate "2018.02.10"]
[SourceQuality "1"]

1. e4 c5 2. Nf3 d6 3. Bb5+ Nd7 4. d4 cxd4 5. Qxd4 a6 6. Bxd7+ Bxd7 7. O-O e5 8.
Qd3 Rc8 9. a4 Qc7 10. Nc3 h6 11. Rd1 Nf6 12. Nd2 Be7 13. Nf1 O-O 14. Ne3 Be6
15. Bd2 Qc5 16. Be1 Rfd8 17. b4 Qc7 18. Ncd5 Nxd5 19. exd5 Bd7 20. c4 Bg5 21.
Rdc1 Qb6 22. Bd2 Qd4 23. Qxd4 exd4 24. Nf1 Bf6 25. b5 Bf5 26. Bb4 Bd3 27. Nd2
Bg5 28. Ra2 h5 29. g3 axb5 30. axb5 Ra8 31. Rxa8 Rxa8 32. f4 Be7 33. c5 dxc5
34. Bxc5 Bf6 35. Nb3 Rc8 36. b6 Bb5 37. d6 d3 38. Be3 Rxc1+ 39. Nxc1 Bd4 40.
Bxd4 d2 0-1